Multiculturalism and the Welfare State : (Record no. 14325)
[ view plain ]
| 000 -LEADER | |
|---|---|
| fixed length control field | 01455cam a22003254a 4500 |
| 001 - CONTROL NUMBER | |
| control field | 14472230 |
| 005 - DATE AND TIME OF LATEST TRANSACTION | |
| control field | 20160804114636.0 |
| 008 - FIXED-LENGTH DATA ELEMENTS--GENERAL INFORMATION | |
| fixed length control field | 060728s2006 enka | b 001 0 eng d |
| 010 ## - LIBRARY OF CONGRESS CONTROL NUMBER | |
| LC control number | 2006024864 |
| 020 ## - INTERNATIONAL STANDARD BOOK NUMBER | |
| International Standard Book Number | 9780199289189 (pbk.) |
| 040 ## - CATALOGING SOURCE | |
| Original cataloging agency | DLC |
| Transcribing agency | DLC |
| Modifying agency | DLC |
| 050 00 - LIBRARY OF CONGRESS CALL NUMBER | |
| Classification number | JC479 |
| Item number | .M85 2006 |
| 082 00 - DEWEY DECIMAL CLASSIFICATION NUMBER | |
| Classification number | 361.65 |
| Edition number | 22 |
| Item number | MUL |
| 245 00 - TITLE STATEMENT | |
| Title | Multiculturalism and the Welfare State : |
| Remainder of title | Recognition and Redistribution in Contemporary Democracies / |
| Statement of responsibility, etc | Edited by Keith Banting and Will Kymlicka. |
| 260 ## - PUBLICATION, DISTRIBUTION, ETC. (IMPRINT) | |
| Place of publication, distribution, etc | Oxford : |
| Name of publisher, distributor, etc | Oxford University Press, |
| Date of publication, distribution, etc | c2006. |
| 300 ## - PHYSICAL DESCRIPTION | |
| Extent | xv, 405 p. : |
| Other physical details | ill. ; |
| Dimensions | 24 cm. |
| 504 ## - BIBLIOGRAPHY, ETC. NOTE | |
| Bibliography, etc | Includes bibliographical references and indexes. |
| 541 ## - IMMEDIATE SOURCE OF ACQUISITION NOTE | |
| Source of acquisition | Bacca ; |
| 650 #0 - SUBJECT ADDED ENTRY--TOPICAL TERM | |
| Topical term or geographic name as entry element | Welfare state. |
| 9 (RLIN) | 15644 |
| 650 #0 - SUBJECT ADDED ENTRY--TOPICAL TERM | |
| Topical term or geographic name as entry element | Welfare state |
| Form subdivision | Case studies. |
| 9 (RLIN) | 15646 |
| 650 #0 - SUBJECT ADDED ENTRY--TOPICAL TERM | |
| Topical term or geographic name as entry element | Multiculturalism |
| Form subdivision | Case studies. |
| 9 (RLIN) | 15647 |
| 650 #0 - SUBJECT ADDED ENTRY--TOPICAL TERM | |
| 9 (RLIN) | 15645 |
| Topical term or geographic name as entry element | Multiculturalism |
| 700 1# - ADDED ENTRY--PERSONAL NAME | |
| Personal name | Kymlicka, Will. |
| Relator term | Editor |
| 9 (RLIN) | 15648 |
| 700 1# - ADDED ENTRY--PERSONAL NAME | |
| Personal name | Banting, Keith G. |
| Relator term | Editor |
| 9 (RLIN) | 15649 |
| 856 41 - ELECTRONIC LOCATION AND ACCESS | |
| Materials specified | Table of contents only |
| Uniform Resource Identifier | <a href="http://www.loc.gov/catdir/toc/ecip0618/2006024864.html">http://www.loc.gov/catdir/toc/ecip0618/2006024864.html</a> |
| 856 42 - ELECTRONIC LOCATION AND ACCESS | |
| Materials specified | Contributor biographical information |
| Uniform Resource Identifier | <a href="http://www.loc.gov/catdir/enhancements/fy0726/2006024864-b.html">http://www.loc.gov/catdir/enhancements/fy0726/2006024864-b.html</a> |
| 856 42 - ELECTRONIC LOCATION AND ACCESS | |
| Materials specified | Publisher description |
| Uniform Resource Identifier | <a href="http://www.loc.gov/catdir/enhancements/fy0726/2006024864-d.html">http://www.loc.gov/catdir/enhancements/fy0726/2006024864-d.html</a> |
| 942 ## - ADDED ENTRY ELEMENTS (KOHA) | |
| Source of classification or shelving scheme | Dewey Decimal Classification |
| Item type | Book - Borrowing |
| Withdrawn status | Item status | Source of classification or shelving scheme | Damaged status | Not for loan | Vendor | Home library | Current library | Shelving location | Date acquired | Source of acquisition | Cost, normal purchase price | Serial Enumeration / chronology | Total Checkouts | Total Renewals | Full call number | Barcode | Date last seen | Date last borrowed | Koha item type |
|---|---|---|---|---|---|---|---|---|---|---|---|---|---|---|---|---|---|---|---|
| Dewey Decimal Classification | Baccah | Central Library | Central Library | First floor | 01/07/2010 | 225.00 | 10484 | 3 | 10 | 361.65 MUL | 000021403 | 15/07/2025 | 19/09/2017 | Book - Borrowing |